01954njm a2200385Ia 450000100060000000300090000600500170001500800410003204000130007304000130008699900170009999900090011610000270012510000250015210000450017724500400022225000110026226000130027326000660028630000100035230000290036250000550039150502120044665000630065870000770072170000710079870000520086970000740092170001070099570000690110270000690117170000820124094200120132295202340133427127IT-RoPAU20220918181109.0131025s9999 xx 000 0 und d aIT-RoPAU cIT-RoPAU c98866d98866 bn.d. aJones John Paul917321 eAutore musica917322 gCodice autore musica SPICS: 13062917323 aScream For Help-Music From The Film a1a ed. aNEW YORK bATLANTIC RECORDSc1985 [1a Ed.:1985 - Ed. Lingua Orig.: 1984] aDISCO c42 minuti (Testo: pag.) aColonna sonora originale del film. Musica da film. aSilver Train (4:00) - Christie (4:00) - Here I Am (5:00) - When You Fall In Love (4:00) - Crackback (5:00) - Spaghetti Junction (6:00) - Bad Child (6:00) - Take It Or Leave It (6:00) - Chilli Sauce (5:00) -  aCOLONNA SONORA [DISCHI]eCodice MATERIA SPICS: 9950917324 aJones John PauleAutore musicagCodice autore musica SPICS: 13062917325 aJones John PaulgCodice interprete SPICS: 130624Interprete917326 aAA.VV.gCodice autore SPICS: 12000eAutore9799 aAnderson JongCodice autore SPICS: 10788eAutorepSilver Train917327 aJones JacindagCodice autore SPICS: 28182eAutorepChristie - When You Fall In Love - Bad Child917328 aBell SimongCodice autore SPICS: 28183eAutorepHere I Am917329 aPage JimmygCodice autore SPICS: 27010eAutorepCrackback917330 aBell MadelinegCodice autore SPICS: 28184eAutorepTake It Or Leave It917331 cMD2ddc 001040627127_00000000000000071aSPICSbSPICSd2013-10-25l0o27127r2013-10-25 00:00:00w2013-10-25yMDzProgr. Ins.: 6684 / N.Vol.: 1 / Copie: 1 - Copia rara: n.d. / date import: 01.01.2014 - By Epidotti, Trombetti, Vaglietti